[Event "Joao Pessoa op"]
[Site "Joao Pessoa"]
[Date "2023.03.22"]
[Round "3"]
[White "Ferreira, Alexander da Silva"]
[Black "Fiori, Luis Eduardo"]
[Result "0-1"]
[WhiteElo "1512"]
[BlackElo "1810"]
[PlyCount "106"]
[EventDate "2023.03.17"]
[EventType "swiss"]
[EventRounds "6"]
[EventCountry "BRA"]
[SourceTitle "EXT 2024"]
[Source "ChessBase"]
[SourceDate "2023.10.10"]
[SourceVersion "1"]
[SourceVersionDate "2023.10.10"]
[SourceQuality "1"]

1. e4 e6 2. d4 d5 3. e5 c5 4. c3 Nc6 5. Nf3 Qb6 6. Bd3 Bd7 7. Qb3 f6 8. Qxb6 axb6 9. Be3 c4 10. Bc2 b5 11. 0-0 b4 12. Nbd2 fxe5 13. Nxe5 Nf6 14. Nxd7 Kxd7 15. Nf3 Bd6 16. g3 bxc3 17. bxc3 Ra3 18. Bd2 Rha8 19. Rfb1 Kc7 20. Ng5 Nd8 21. Rb2 h6 22. Nh3 g5 23. f4 gxf4 24. Nxf4 e5 25. dxe5 Bxe5 26. Ne2 h5 27. Bf5 Nc6 28. Bf4 Bxf4 29. gxf4 Re8 30. Kf2 Rf8 31. Rd1 Ne8 32. Rxd5 Nd6 33. Bg6 Rf6 34. Bxh5 Ne4+ 35. Kg2 Nxc3 36. Nxc3 Rxc3 37. Rf2 Nb4 38. Rdd2 Nd3 39. Rf3 Ne1+ 40. Kg3 Nxf3 41. Bxf3 Rg6+ 42. Kf2 Rc1 43. Rb2 b6 44. Re2 Kd6 45. h3 Rgg1 46. Bg4 Rcf1+ 47. Ke3 Rg3+ 48. Kd2 c3+ 49. Kc2 Rxf4 50. Kb3 b5 51. a3 c2+ 52. Kxc2 Rxa3 53. Kb2 Rfa4 0-1

[Event "Joao Pessoa Fischer Memorial 7th"]
[Site "Joao Pessoa"]
[Date "2016.03.12"]
[Round "4"]
[White "Ferreira, Alexander da Silva"]
[Black "Gomes, Jose Murilo"]
[Result "0-1"]
[WhiteElo "1596"]
[BlackElo "1955"]
[PlyCount "134"]
[EventDate "2016.03.11"]
[EventType "swiss"]
[EventRounds "6"]
[EventCountry "BRA"]
[SourceTitle "CBM 171 Extra"]
[Source "ChessBase"]
[SourceDate "2016.04.26"]
[SourceVersion "1"]
[SourceVersionDate "2016.04.26"]
[SourceQuality "1"]

1. e4 Nc6 2. Nf3 d6 3. d4 Nf6 4. d5 Ne5 5. Nxe5 dxe5 6. Nc3 a6 7. a4 e6 8. Bg5 Be7 9. Be2 0-0 10. Bxf6 Bxf6 11. 0-0 g6 12. Qd3 exd5 13. Nxd5 Bg7 14. Rad1 Be6 15. c4 c6 16. Ne3 Qb6 17. Qc2 Rfd8 18. Rxd8+ Rxd8 19. Rd1 Bh6 20. Rxd8+ Qxd8 21. Ng4 Bg7 22. b3 Qd4 23. h3 h5 24. Ne3 Bh6 25. Qd3 Bxe3 26. fxe3 Qxd3 27. Bxd3 a5 28. Kf2 b6 29. h4 Kf8 30. Ke1 Ke7 31. Kd2 Kd6 32. Kc3 Kc5 33. Be2 Bc8 34. Bf3 Ba6 35. Be2 b5 36. Bd3 bxa4 37. bxa4 Bc8 38. Be2 Be6 39. Kb3 Kd6 40. Kc3 c5 41. Kb3 Bd7 42. Ka3 Ke6 43. Kb3 Bc6 44. Bf3 Ke7 45. Ka3 Kf6 46. Kb3 Kg7 47. Ka3 Kh6 48. Kb3 g5 49. g3 gxh4 50. gxh4 f5 51. Ka3 f4 52. exf4 exf4 53. Kb3 Kg6 54. Ka3 Bd7 55. e5 Kf5 56. Bxh5 Kxe5 57. Bf3 Kd4 58. Kb3 Ke3 59. Bd5 Be8 60. Bb7 f3 61. Bxf3 Kxf3 62. Ka3 Kg4 63. Kb3 Kxh4 64. Ka3 Kg3 65. Kb3 Kf3 66. Ka3 Ke3 67. Kb3 Kd3 0-1

[Event "Joao Pessoa Fischer Memorial 7th"]
[Site "Joao Pessoa"]
[Date "2016.03.11"]
[Round "2"]
[White "Ferreira, Alexander da Silva"]
[Black "De Moura, Sergio Jovelino"]
[Result "0-1"]
[WhiteElo "1596"]
[BlackElo "2018"]
[PlyCount "42"]
[EventDate "2016.03.11"]
[EventType "swiss"]
[EventRounds "6"]
[EventCountry "BRA"]
[SourceTitle "CBM 171 Extra"]
[Source "ChessBase"]
[SourceDate "2016.04.26"]
[SourceVersion "1"]
[SourceVersionDate "2016.04.26"]
[SourceQuality "1"]

1. e4 c5 2. Nf3 d6 3. d4 cxd4 4. Nxd4 Nf6 5. Nc3 a6 6. f3 e5 7. Nb3 Be6 8. Be3 Be7 9. Be2 0-0 10. 0-0 b5 11. Qd2 Qc7 12. Nd5 Bxd5 13. exd5 Nbd7 14. Bg5 Nxd5 15. Qxd5 Bxg5 16. c3 Nb6 17. Qd1 Rad8 18. g3 Nc4 19. Bxc4 bxc4 20. Nd2 Qb6+ 21. Kg2 Qxb2 0-1

[Event "Natal-ch"]
[Site "Natal"]
[Date "2016.02.06"]
[Round "2"]
[White "Ferreira, Alexander da Silva"]
[Black "Macedo, Alexandre Soares"]
[Result "0-1"]
[WhiteElo "1607"]
[BlackElo "1845"]
[PlyCount "62"]
[EventDate "2016.02.06"]
[EventType "swiss"]
[EventRounds "6"]
[EventCountry "BRA"]
[SourceTitle "CBM 171 Extra"]
[Source "ChessBase"]
[SourceDate "2016.04.26"]
[SourceVersion "1"]
[SourceVersionDate "2016.04.26"]
[SourceQuality "1"]

1. e4 c5 2. Nf3 Nc6 3. d4 cxd4 4. Nxd4 Nf6 5. Nc3 e5 6. Ndb5 d6 7. Bg5 a6 8. Na3 b5 9. Nd5 Be6 10. c3 Bxd5 11. exd5 Ne7 12. Bxf6 gxf6 13. Nc2 f5 14. Qd2 Ra7 15. 0-0-0 h5 16. Kb1 Bh6 17. Qe2 Bg5 18. h4 Bf6 19. g3 Kf8 20. Bh3 Qb6 21. Rhe1 a5 22. a3 Rc7 23. Ne3 f4 24. Nf5 b4 25. axb4 axb4 26. c4 Nxf5 27. Bxf5 b3 28. Kc1 Qa6 29. Bd3 e4 30. Qxe4 Qa1+ 31. Kd2 Qxb2+ 0-1

[Event "Natal Potiguar op 10th"]
[Site "Natal"]
[Date "2015.07.04"]
[Round "4"]
[White "Fernandes, Pedro Guilherme Mun"]
[Black "Ferreira, Alexander da Silva"]
[Result "1/2-1/2"]
[WhiteElo "1343"]
[BlackElo "1612"]
[PlyCount "58"]
[EventDate "2015.07.03"]
[EventType "swiss"]
[EventRounds "6"]
[EventCountry "BRA"]
[SourceTitle "CBM 167 Extra"]
[Source "ChessBase"]
[SourceDate "2015.09.14"]
[SourceVersion "1"]
[SourceVersionDate "2015.09.14"]
[SourceQuality "1"]

1. e4 e5 2. Nf3 Nc6 3. d4 exd4 4. Nxd4 Bc5 5. Be3 Nxd4 6. Bxd4 Bxd4 7. Qxd4 Qg5 8. Nd2 d6 9. Nf3 Qf6 10. e5 dxe5 11. Qxe5+ Qxe5+ 12. Nxe5 c6 13. g3 Nf6 14. Bg2 0-0 15. 0-0 Be6 16. Rad1 Rad8 17. b3 Nd5 18. a3 Nc3 19. Rd3 Rxd3 20. Nxd3 Bd5 21. Re1 Bxg2 22. Kxg2 Nb5 23. a4 Nd4 24. Re7 Nxc2 25. Rxb7 Nd4 26. Rxa7 Nxb3 27. Rc7 c5 28. Nxc5 Nxc5 29. Rxc5 Ra8 1/2-1/2

[Event "Paraiban-ch op"]
[Site "Cabo Branco"]
[Date "2015.06.04"]
[Round "2"]
[White "Ferreira, Alexander da Silva"]
[Black "Teixeira, Alexandre Cesar Fer"]
[Result "1-0"]
[WhiteElo "1607"]
[BlackElo "1507"]
[PlyCount "73"]
[EventDate "2015.06.04"]
[EventType "swiss"]
[EventRounds "5"]
[EventCountry "BRA"]
[SourceTitle "CBM 167 Extra"]
[Source "ChessBase"]
[SourceDate "2015.09.14"]
[SourceVersion "1"]
[SourceVersionDate "2015.09.14"]
[SourceQuality "1"]

1. e4 e5 2. Nf3 Nc6 3. Nc3 Nf6 4. Bc4 Bb4 5. a3 Bc5 6. d3 0-0 7. b4 Bd4 8. Nxd4 Nxd4 9. Bb2 d6 10. h3 a6 11. Ne2 Nxe2 12. Qxe2 b5 13. Bb3 Bb7 14. 0-0 Bc6 15. f4 Re8 16. fxe5 dxe5 17. Rf5 Qd6 18. Raf1 Bd7 19. R5f2 Be6 20. g4 Bxb3 21. cxb3 Qb6 22. g5 Nd7 23. Kh2 f6 24. gxf6 Nxf6 25. Rf5 Qe6 26. Rxe5 Qd6 27. Rff5 Nd7 28. d4 Nxe5 29. dxe5 Qe6 30. Qg2 Rf8 31. Rf6 Qe7 32. Qg5 h6 33. Qg4 Kh8 34. Qg6 gxf6 35. exf6 Qf7 36. Qxh6+ Qh7 37. f7# 1-0

[Event "Wch Seniors 50 24th"]
[Site "Katerini"]
[Date "2014.11.01"]
[Round "8"]
[White "Caribe Santos, Luiz Carlos"]
[Black "Ferreira, Alexander da Silva"]
[Result "1-0"]
[WhiteElo "1590"]
[BlackElo "1657"]
[PlyCount "85"]
[EventDate "2014.10.24"]
[EventType "swiss"]
[EventRounds "11"]
[EventCountry "GRE"]
[SourceTitle "EXT 2015"]
[Source "ChessBase"]
[SourceDate "2014.11.20"]
[SourceVersion "1"]
[SourceVersionDate "2014.11.20"]
[SourceQuality "1"]

1. d4 d5 2. c4 e6 3. Nc3 Nf6 4. Nf3 Be7 5. cxd5 exd5 6. e3 c6 7. Be2 Bg4 8. h3 Be6 9. Qc2 Nbd7 10. 0-0 h6 11. Re1 0-0 12. Bd2 Bd6 13. Rad1 Re8 14. Bd3 Nf8 15. a3 Qc8 16. Bf1 Ne4 17. Nxe4 dxe4 18. Ne5 Bxe5 19. dxe5 Bd5 20. Bc4 Rxe5 21. Bxd5 cxd5 22. Bc3 Rg5 23. Kh2 b6 24. Qb3 Qc7+ 25. g3 Qc4 26. Qxc4 dxc4 27. Rd4 b5 28. Rxe4 Rd5 29. Rd4 Rad8 30. Red1 Rxd4 31. Rxd4 Ne6 32. Rxd8+ Nxd8 33. Kg2 Nc6 34. Kf3 f6 35. Ke4 a5 36. Kd5 b4 37. Kxc6 bxc3 38. bxc3 Kf7 39. Kc5 Ke6 40. Kxc4 Kd6 41. Kb5 Kc7 42. Kxa5 Kc6 43. Kb4 1-0

[Event "Wch Seniors 50 24th"]
[Site "Katerini"]
[Date "2014.10.31"]
[Round "7"]
[White "Ferreira, Alexander da Silva"]
[Black "Bobke, Laurenz"]
[Result "0-1"]
[WhiteElo "1657"]
[BlackElo "1715"]
[PlyCount "68"]
[EventDate "2014.10.24"]
[EventType "swiss"]
[EventRounds "11"]
[EventCountry "GRE"]
[SourceTitle "EXT 2015"]
[Source "ChessBase"]
[SourceDate "2014.11.20"]
[SourceVersion "1"]
[SourceVersionDate "2014.11.20"]
[SourceQuality "1"]

1. e4 e6 2. d4 d5 3. Nc3 Be7 4. exd5 exd5 5. Nf3 Nf6 6. Be2 Bf5 7. Bf4 a6 8. Bd3 Bxd3 9. Qxd3 Nc6 10. a3 0-0 11. 0-0 Qd7 12. Rae1 h6 13. Ne5 Qd8 14. Nxc6 bxc6 15. Na4 Bd6 16. Bxd6 Qxd6 17. Nc5 a5 18. Re2 Rab8 19. b3 Ng4 20. Qg3 Qxg3 21. hxg3 Rfe8 22. Rfe1 Rxe2 23. Rxe2 Nf6 24. f3 Kf8 25. Na6 Re8 26. Kf2 Rxe2+ 27. Kxe2 Ne8 28. b4 a4 29. Nxc7 Nxc7 30. Kd3 Nb5 31. c4 Nxa3 32. cxd5 cxd5 33. Kc3 Nb5+ 34. Kb2 Ke7 0-1

[Event "Wch Seniors 50 24th"]
[Site "Katerini"]
[Date "2014.10.27"]
[Round "4"]
[White "Ferreira, Alexander da Silva"]
[Black "Lim, Kian Hwa"]
[Result "0-1"]
[WhiteElo "1657"]
[BlackElo "1787"]
[PlyCount "98"]
[EventDate "2014.10.24"]
[EventType "swiss"]
[EventRounds "11"]
[EventCountry "GRE"]
[SourceTitle "EXT 2015"]
[Source "ChessBase"]
[SourceDate "2014.11.20"]
[SourceVersion "1"]
[SourceVersionDate "2014.11.20"]
[SourceQuality "1"]

1. e4 e5 2. Nf3 Nc6 3. Bc4 Be7 4. d4 d6 5. c3 Nf6 6. Ng5 0-0 7. f3 h6 8. Nxf7 Rxf7 9. Bxf7+ Kxf7 10. d5 Nb8 11. Na3 Kg8 12. Be3 Nbd7 13. Qd2 Kh7 14. 0-0-0 Ng8 15. Rdg1 Nf8 16. Nc2 Ng6 17. g3 Nf6 18. h4 Nh5 19. g4 Nhf4 20. g5 hxg5 21. hxg5+ Kg8 22. Ne1 Bxg5 23. Rh2 Qf6 24. Rgh1 Bd7 25. Ng2 Rf8 26. Nxf4 Bxf4 27. Bxf4 Qxf4 28. Qxf4 Rxf4 29. Rg1 Kf7 30. Rhg2 Rf6 31. Kd2 Be8 32. Ke3 Kf8 33. Rg4 b5 34. b4 Kf7 35. a3 c6 36. R1g2 cxd5 37. exd5 Bd7 38. R4g3 Bc8 39. Rg4 Bb7 40. c4 bxc4 41. Rxc4 Bxd5 42. Rc7+ Ke6 43. Rxa7 Ne7 44. Rf2 g5 45. b5 Bc4 46. a4 g4 47. Rxe7+ Kxe7 48. f4 g3 49. fxe5 gxf2 0-1

[Event "Porto Seguro op"]
[Site "Porto Seguro"]
[Date "2014.09.12"]
[Round "2"]
[White "Ferreira, Alexander da Silva"]
[Black "Cantharino, Geraldo Per Jr"]
[Result "1-0"]
[WhiteElo "1657"]
[BlackElo "1790"]
[PlyCount "71"]
[EventDate "2014.09.12"]
[EventType "swiss"]
[EventRounds "6"]
[EventCountry "BRA"]
[SourceTitle "CBM 162 Extra"]
[Source "ChessBase"]
[SourceDate "2014.10.17"]
[SourceVersion "1"]
[SourceVersionDate "2014.10.17"]
[SourceQuality "1"]

1. e4 c5 2. Nf3 d6 3. d4 cxd4 4. Nxd4 Nf6 5. Nc3 a6 6. Be2 e5 7. Nb3 Nc6 8. Be3 Be6 9. f3 Be7 10. Nd5 0-0 11. Nxe7+ Qxe7 12. Bg5 Rac8 13. c3 b5 14. Nc1 Rcd8 15. Nd3 b4 16. Qa4 Rc8 17. Nxb4 Nxb4 18. Qxb4 Qd8 19. 0-0-0 Rc6 20. Rd2 Bxa2 21. Rhd1 Qc7 22. Rxd6 Rb8 23. Qxb8+ Qxb8 24. Rd8+ Ne8 25. Rxb8 f6 26. Bxf6 gxf6 27. Rxe8+ Kf7 28. Rdd8 Rc5 29. Kc2 a5 30. b3 a4 31. Bc4+ Kg6 32. Rg8+ Kh6 33. Rd6 a3 34. Rxf6+ Kh5 35. Bf7+ Kh4 36. Rg4# 1-0

[Event "Recife Arraes Memorial 7th"]
[Site "Recife"]
[Date "2014.08.31"]
[Round "5"]
[White "Da Costa, Ademilson Cavalcant"]
[Black "Ferreira, Alexander da Silva"]
[Result "0-1"]
[WhiteElo "1803"]
[BlackElo "1679"]
[PlyCount "48"]
[EventDate "2014.08.29"]
[EventType "swiss"]
[EventRounds "6"]
[EventCountry "BRA"]
[SourceTitle "EXT 2015"]
[Source "ChessBase"]
[SourceDate "2014.11.20"]
[SourceVersion "1"]
[SourceVersionDate "2014.11.20"]
[SourceQuality "1"]

1. d4 d5 2. c4 e6 3. Nc3 Nf6 4. Bg5 Nbd7 5. e3 h6 6. Bh4 Be7 7. Nf3 c6 8. Rc1 dxc4 9. Bxc4 b5 10. Bb3 Bb7 11. 0-0 0-0 12. Re1 Rc8 13. e4 Re8 14. Bc2 Nf8 15. Re3 Ng4 16. Rd3 Bxh4 17. g3 Bg5 18. Nxg5 Qxg5 19. f4 Qh5 20. Qe2 Nf6 21. Rf3 a6 22. Rcf1 c5 23. Qd3 cxd4 24. Ne2 Bxe4 0-1

[Event "Potiguar-ch"]
[Site "Natal"]
[Date "2014.08.17"]
[Round "5"]
[White "Ferreira, Alexander da Silva"]
[Black "Caldas, Danilo Raposo Freir"]
[Result "0-1"]
[WhiteElo "1679"]
[BlackElo "1598"]
[PlyCount "72"]
[EventDate "2014.08.15"]
[EventType "swiss"]
[EventRounds "9"]
[EventCountry "BRA"]
[SourceTitle "CBM 162 Extra"]
[Source "ChessBase"]
[SourceDate "2014.10.17"]
[SourceVersion "1"]
[SourceVersionDate "2014.10.17"]
[SourceQuality "1"]

1. e4 c5 2. Nf3 d6 3. d4 cxd4 4. Nxd4 Nf6 5. Nc3 a6 6. f4 e6 7. Bd2 Nbd7 8. Bd3 Be7 9. g4 b5 10. g5 Ng8 11. h4 Bb7 12. Qe2 Qb6 13. Nf3 Nc5 14. Rh2 f5 15. b4 Nxd3+ 16. cxd3 fxe4 17. dxe4 h6 18. Be3 Qc6 19. Rc1 Rc8 20. Bd4 hxg5 21. hxg5 Rxh2 22. Qxh2 Qc4 23. Bxg7 Bxe4 24. Nd2 Qd3 25. Ndxe4 Qe3+ 26. Kd1 Qd3+ 27. Qd2 Qf3+ 28. Qe2 Qxf4 29. Bd4 d5 30. Nf6+ Nxf6 31. gxf6 Qxd4+ 32. Qd2 Qxd2+ 33. Kxd2 Bxf6 34. Rc2 Rxc3 35. Rxc3 Bxc3+ 36. Kxc3 Kd7 0-1

[Event "Joao Pessoa AXCV op 1st"]
[Site "Joao Pessoa"]
[Date "2014.04.06"]
[Round "4"]
[White "De Lima, Claudionor Henrique"]
[Black "Ferreira, Alexander da Silva"]
[Result "0-1"]
[WhiteElo "1582"]
[BlackElo "1693"]
[PlyCount "110"]
[EventDate "2014.04.04"]
[EventType "swiss"]
[EventRounds "5"]
[EventCountry "BRA"]
[SourceTitle "EXT 2018"]
[Source "ChessBase"]
[SourceDate "2017.10.13"]
[SourceVersion "1"]
[SourceVersionDate "2017.10.13"]
[SourceQuality "1"]

1. e4 e5 2. Nf3 Nc6 3. Bc4 Bc5 4. d3 h6 5. Nc3 d6 6. a3 Nf6 7. Nd5 Be6 8. Nxf6+ Qxf6 9. Bxe6 fxe6 10. a4 Ne7 11. c3 g5 12. b4 g4 13. bxc5 gxf3 14. Qxf3 Qxf3 15. gxf3 dxc5 16. c4 b6 17. a5 Nc6 18. Bd2 Nd4 19. Ra2 Nxf3+ 20. Ke2 Nd4+ 21. Kd1 Nc6 22. Rg1 Kf7 23. f4 exf4 24. Bxf4 e5 25. Bd2 Rag8 26. Rf1+ Ke6 27. axb6 axb6 28. Be3 Ra8 29. Raf2 Ra1+ 30. Bc1 Kd7 31. Rf7+ Kc8 32. R1f6 Nb4 33. Kd2 Ra2+ 34. Ke3 Rxh2 35. Re6 Rh3+ 36. Ke2 Nxd3 37. Be3 Nf4+ 38. Bxf4 exf4 39. Ree7 Ra3 40. Rxc7+ Kb8 41. Kf2 Rd8 42. Rce7 h5 43. Rb7+ Ka8 44. Rxb6 Rd2+ 45. Ke1 Rh2 46. Rd6 Ra1+ 47. Rd1 Rh1+ 48. Ke2 Raxd1 49. Rxf4 Rhe1+ 50. Kf2 Rf1+ 51. Kg3 Rxf4 52. Kxf4 Rd4 53. Kf5 Rxc4 54. e5 Rb4 55. e6 Rb8 0-1

[Event "Joao Pessoa AXCV op 1st"]
[Site "Joao Pessoa"]
[Date "2014.04.06"]
[Round "5"]
[White "Ferreira, Alexander da Silva"]
[Black "De Almeida, Valdemiza Gurgel"]
[Result "1-0"]
[WhiteElo "1693"]
[BlackElo "1394"]
[PlyCount "117"]
[EventDate "2014.04.04"]
[EventType "swiss"]
[EventRounds "5"]
[EventCountry "BRA"]
[SourceTitle "EXT 2018"]
[Source "ChessBase"]
[SourceDate "2017.10.13"]
[SourceVersion "1"]
[SourceVersionDate "2017.10.13"]
[SourceQuality "1"]

1. e4 e5 2. Nf3 Nc6 3. Bc4 Nf6 4. Ng5 d5 5. exd5 Nxd5 6. Nxf7 Kxf7 7. Qf3+ Ke7 8. Bxd5 Qe8 9. Bxc6 bxc6 10. d3 Kd8 11. Nc3 Rb8 12. 0-0 Bb7 13. Re1 Bd6 14. Bg5+ Kc8 15. Qg4+ Qd7 16. Qxd7+ Kxd7 17. Ne4 h6 18. Be3 a6 19. Nc5+ Kc8 20. d4 Bxc5 21. dxc5 Re8 22. b4 Kd7 23. Rad1+ Ke6 24. f4 e4 25. Rd4 Kf5 26. Red1 Re6 27. Rd7 Ba8 28. a3 g5 29. g3 gxf4 30. gxf4 Rg8+ 31. Kh1 Reg6 32. Rf7+ Ke6 33. Rdd7 Rg2 34. Rde7+ Kd5 35. Rf5+ Kc4 36. Rxe4+ Kb5 37. c4+ Ka4 38. Bd4 Rc2 39. Re1 Rgg2 40. Bg1 Kxa3 41. Rf8 Kxb4 42. Rxa8 Ra2 43. f5 Rge2 44. Rxe2 Rxe2 45. Rxa6 Kxc4 46. Rxc6 Re7 47. Rxh6 Rf7 48. Rh4+ Kd5 49. Rf4 Ke5 50. Rf1 c6 51. f6 Ke6 52. h3 Rxf6 53. Rxf6+ Kxf6 54. h4 Kg6 55. Kg2 Kh5 56. Bf2 Kg4 57. Bg3 Kh5 58. Kf3 Kh6 59. Ke4 1-0